Statistics for Cold War Zombies Perk-a-Colas

Click here to take the quiz!

General Stats

  • This quiz has been taken 8 times
  • The average score is 7 of 10

Answer Stats

Perk-A-Cola% Correct
Deadshot Daiquiri
100%
Juggernog
100%
Speed Cola
100%
Stamin-Up
100%
Quick Revive
80%
PhD Slider
60%
Tombstone Soda
60%
Elemental Pop
40%
Death Perception
20%
Mule Kick
20%

Score Distribution

Percentile by Number Answered

Percent of People with Each Score

Your Score History

You have not taken this quiz